LEADER 03356nam 22005055 450 001 9910736030303321 005 20230728214626.0 010 $a981-9916-61-5 024 7 $a10.1007/978-981-99-1661-0 035 $a(MiAaPQ)EBC30668874 035 $a(Au-PeEL)EBL30668874 035 $a(DE-He213)978-981-99-1661-0 035 $a(PPN)272254088 035 $a(CKB)27878833000041 035 $a(EXLCZ)9927878833000041 100 $a20230728d2023 u| 0 101 0 $aeng 135 $aurcnu|||||||| 181 $ctxt$2rdacontent 182 $cc$2rdamedia 183 $acr$2rdacarrier 200 10$aCurrent Advances in Ocular Surgery /$fedited by Edmund Tsui, Simon S. M. Fung, Rohan Bir Singh 205 $a1st ed. 2023. 210 1$aSingapore :$cSpringer Nature Singapore :$cImprint: Springer,$d2023. 215 $a1 online resource (364 pages) 225 1 $aCurrent Practices in Ophthalmology,$x2523-3815 311 08$aPrint version: Tsui, Edmund Current Advances in Ocular Surgery Singapore : Springer,c2023 9789819916603 327 $aInjectables: aesthetics/cosmetics -- Fornix reconstruction ? amniotic membrane/ buccal mucosa -- Femtosecond laser/Zepto/ MiLoop -- Scleral fixation IOL: Glued IOL/ Yamane/ Bell-loop/ Canabrava -- Iris implants: HumanOptics (vs BrightOcular) -- New lenses: EDOFs/ Trifocal IOLs/ Pin-hole IOL -- Laser ablative procedures: Topographic, transepithelial PRK/PTK -- Small incision lenticule extraction (SMILE) -- Implantable Collamer Lens (ICL) -- Collagen Cross-linking and refractive-plus procedures -- Simple Limbal Epithelial Transplantation (SLET) -- Corneal neurotisation -- Keratoprosthesis: Adult (Boston/ Auro -- MIGS: iStent, KDB, Trab360, ABiC, Hydrus, Xen, Cypass (Including Pediatric glaucoma ? MIGS and tubes) -- New glaucoma tubes: PAUL, ClearPath. 330 $aThe book discusses innovations in surgical techniques and procedures in multiple ophthalmic subspecialties with an evidence based approach. With the rapid development of the field of ophthalmology over the last 10 years, from the development of ever more sophisticated ocular diagnostic technology, to the development of novel medical therapies, ophthalmologists have seen dramatic advancements in the care of their patients. The book highlights various ophthalmic surgical techniques that have been devised, modified, and refined over the last decade, allowing ophthalmic surgeons to achieve surgical perfection. It includes illustrations, clinical photos, videos of surgical procedure. It includes easy to follow salient points in each chapter. This volume of the Current Practices in Ophthalmology book series serves as a valuable resource for post graduate residents in ophthalmology, practicing ophthalmologists, subspecialty fellows, vision science researchers, and general ophthalmologists. 410 0$aCurrent Practices in Ophthalmology,$x2523-3815 606 $aOphthalmology 606 $aOphthalmology 615 0$aOphthalmology. 615 14$aOphthalmology. 676 $a617.71 700 $aTsui$b Edmund$01380386 701 $aFung$b Simon S. M$01380387 701 $aSingh$b Rohan Bir$01380388 801 0$bMiAaPQ 801 1$bMiAaPQ 801 2$bMiAaPQ 906 $aBOOK 912 $a9910736030303321 996 $aCurrent Advances in Ocular Surgery$93421651 997 $aUNINA LEADER 02795nam 2200565 a 450 001 9910974949103321 005 20230801223118.0 010 $a9781593325855 010 $a1593325851 035 $a(CKB)2670000000185349 035 $a(EBL)3016883 035 $a(SSID)ssj0000645109 035 $a(PQKBManifestationID)12273863 035 $a(PQKBTitleCode)TC0000645109 035 $a(PQKBWorkID)10680409 035 $a(PQKB)10152086 035 $a(Au-PeEL)EBL3016883 035 $a(CaPaEBR)ebr10555801 035 $a(OCoLC)794205715 035 $a(MiAaPQ)EBC3016883 035 $a(Perlego)2028105 035 $a(EXLCZ)992670000000185349 100 $a20120119d2012 uy 0 101 0 $aeng 135 $aurcn||||||||| 181 $ctxt 182 $cc 183 $acr 200 10$aCapital punishment in America $erace and the death penalty over time /$fMartin Guevara Urbina 210 $aEl Paso $cLFB Scholarly Pub. LLC$d2012 215 $a1 online resource (383 p.) 300 $aDescription based upon print version of record. 311 08$a9781593324452 311 08$a1593324456 320 $aIncludes bibliographical references and index. 327 $aIntroduction: the contours of capital punishment -- History of U.S. race and ethnic relations -- Death sentencing and death sentence outcomes: review of prior empirical studies -- A case study of three American states -- Research findings for California, Florida, and Texas: a quantitative analysis -- Race, ethnicity, and gender from 1608 to 2010: a qualitative analysis -- Conclusion: transforming an historical culture of executions -- Afterword: the future of capital punishment. 330 8 $aUrbina's consideration of capital punishment seeks to examine racial and ethnic differences, stressing how Latinos' and Latinas' experiences are distinct from those of Caucasians and African Americans. In considering Latinos he focuses on the problem of lack of data and addresses it through several means. His goal is to go beyond traditional approaches of analyzing death penalty information, with the ultimate objective of addressing theoretical and methodological shortcomings empirically, and quantitatively analyzing death sentence outcome data for California, Florida, and Texas between 1975 and 1995. 606 $aCapital punishment$zUnited States 606 $aDiscrimination in capital punishment$zUnited States 615 0$aCapital punishment 615 0$aDiscrimination in capital punishment 676 $a364.660973 700 $aUrbina$b Martin G$g(Martin Guevara),$f1972-$01806914 801 0$bMiAaPQ 801 1$bMiAaPQ 801 2$bMiAaPQ 906 $aBOOK 912 $a9910974949103321 996 $aCapital punishment in America$94356337 997 $aUNINA